[Event "BL 2425 FC Bayern München - SC Heimbach"]
[Site "?"]
[Date "2025.02.02"]
[Round "8.5"]
[White "Zilka, Stepan"]
[Black "Lokander, Martin"]
[Result "1/2-1/2"]
[WhiteElo "2525"]
[BlackElo "2473"]
[PlyCount "89"]
[EventDate "2025.??.??"]

1. e4 e5 2. Nf3 Nc6 3. Bb5 f5 4. d3 fxe4 5. dxe4 Nf6 6. O-O d6 7. Nc3 Be7 8. Qd3 O-O 9. Bc4+ Kh8 10. Ng5 Qe8 11. Ne6 Bxe6 12. Bxe6 Nd4 13. Bh3 Nh5 14. f4 c6 15. Be3 Bd8 16. fxe5 Rxf1+ 17. Rxf1 dxe5 18. Na4 Nf6 19. c3 Ne6 20. Bxe6 Qxe6 21. Nc5 Qe7 22. Nd7 Qe6 23. Rd1 Ng4 24. Nxe5 Nf6 25. Nf3 Bc7 26. e5 Bxe5 27. Nxe5 Qxe5 28. Bd4 Qe6 29. Qg3 Re8 30. Rf1 b6 31. h3 c5 32. Bxf6 gxf6 33. Qf4 Kg7 34. Qg3+ Kf7 35. Qh4 Kg6 36. Kh1 Qe5 37. Qg4+ Kf7 38. Rd1 h5 39. Rd7+ Re7 40. Rxe7+ Kxe7 41. Qg7+ Ke6 42. Qxa7 Qe1+ 43. Kh2 Qe5+ 44. Kh1 Qe1+ 45. Kh2 1/2-1/2

[Event "BL 2425 FC Bayern München - SC Heimbach"]
[Site "?"]
[Date "2025.02.02"]
[Round "8.6"]
[White "Kurmann, Oliver"]
[Black "Ferreira, Jorge Viterbo"]
[Result "0-1"]
[WhiteElo "2417"]
[BlackElo "2527"]
[PlyCount "86"]
[EventDate "2025.??.??"]

1. e4 c5 2. Nf3 e6 3. d4 cxd4 4. Nxd4 a6 5. Nc3 Qc7 6. Bd3 Nf6 7. f4 d6 8. Qe2 Nbd7 9. g4 Nc5 10. g5 Nfd7 11. h4 g6 12. h5 Bg7 13. Be3 b5 14. a3 Rg8 15. hxg6 hxg6 16. f5 Be5 17. fxe6 fxe6 18. Rh7 Rg7 19. Rxg7 Bxg7 20. O-O-O Be5 21. Qd2 Bb7 22. Nf3 Bg7 23. Bf4 Rc8 24. Kb1 Nxd3 25. Qxd3 Nc5 26. Qxd6 Qxd6 27. Rxd6 Bxc3 28. bxc3 Nxe4 29. Rd3 Nxc3+ 30. Kb2 Na4+ 31. Kc1 Be4 32. Re3 Rxc2+ 33. Kd1 Nb2+ 34. Ke1 Bxf3 35. Rxf3 Nc4 36. Kd1 Rg2 37. Bc1 Kd7 38. Rf6 Ne5 39. Bf4 Nd3 40. Be3 Nb2+ 41. Ke1 Nc4 42. Bf4 e5 43. Kf1 Ra2 0-1

[Event "BL 2425 FC Bayern München - SC Heimbach"]
[Site "?"]
[Date "2025.02.02"]
[Round "8.7"]
[White "Kosakowski, Jakub"]
[Black "Fedorovsky, Michael"]
[Result "1-0"]
[WhiteElo "2511"]
[BlackElo "2387"]
[PlyCount "121"]
[EventDate "2025.??.??"]

1. e4 c5 2. Nf3 g6 3. Bc4 Bg7 4. O-O d6 5. c3 Nf6 6. d3 O-O 7. Re1 Nc6 8. a4 d5 9. exd5 Nxd5 10. a5 e6 11. a6 b6 12. d4 cxd4 13. cxd4 Nde7 14. Nc3 Nxd4 15. Bg5 h6 16. Bd5 Nxf3+ 17. Bxf3 Qxd1 18. Raxd1 hxg5 19. Bxa8 Bxa6 20. Bf3 Bxc3 21. bxc3 Bc4 22. Rd7 Nd5 23. Bxd5 Bxd5 24. Rxa7 Rc8 25. Re3 Rc4 26. Ra1 b5 27. Rb1 Ra4 28. h3 Bc4 29. Rg3 Ra3 30. Rc1 f6 31. h4 gxh4 32. Rxg6+ Kf7 33. Rh6 e5 34. Rxh4 Kg6 35. Re4 Kf5 36. Re3 Ra2 37. Rd1 Rc2 38. Rd6 e4 39. Rd4 Rc1+ 40. Kh2 Rc2 41. Kg3 Bd3 42. f3 Bf1 43. fxe4+ Ke6 44. Rd1 Bc4 45. Rh1 Ke5 46. Rh5+ Ke6 47. Rf5 Ke7 48. Rf2 Rc1 49. Kf4 Ke6 50. g4 Rg1 51. e5 fxe5+ 52. Rxe5+ Kf6 53. Rc5 Rc1 54. Rc6+ Ke7 55. Rf3 Bd5 56. Re3+ Kf7 57. Rd6 Bc4 58. Kg5 Rg1 59. Rd7+ Kf8 60. Re5 Rg3 61. Kf6 1-0

[Event "BL 2425 FC Bayern München - SC Heimbach"]
[Site "?"]
[Date "2025.02.02"]
[Round "8.8"]
[White "Lindgren, Philip"]
[Black "Winterberg, Lukas"]
[Result "0-1"]
[WhiteElo "2393"]
[BlackElo "2416"]
[PlyCount "68"]
[EventDate "2025.??.??"]

1. d4 d5 2. c4 dxc4 3. e4 b5 4. a4 c6 5. axb5 cxb5 6. Nc3 Qb6 7. Nd5 Qb7 8. Bf4 e5 9. Bxe5 Nd7 10. Bf4 Ngf6 11. Nc7+ Kd8 12. Nxa8 Qxe4+ 13. Ne2 Qxa8 14. Qd2 Nd5 15. Qa5+ N7b6 16. Bd2 Qc6 17. f3 a6 18. Nf4 Nxf4 19. Bxf4 Bd6 20. d5 Re8+ 21. Be2 Qc7 22. Bxd6 Qxd6 23. Rd1 Kc7 24. Rd2 Kb7 25. Qc3 Qe5 26. Qxe5 Rxe5 27. f4 Re8 28. Kf2 Nd7 29. Bd1 Nc5 30. Bc2 g6 31. Re1 Rxe1 32. Kxe1 Kc7 33. d6+ Kc6 34. g3 Be6 0-1

[Event "BL 2425 SV Deggendorf - SC Viernheim"]
[Site "?"]
[Date "2025.02.02"]
[Round "8.1"]
[White "Mamedyarov, Shakhriyar"]
[Black "Indjic, Aleksandar"]
[Result "1-0"]
[WhiteElo "2731"]
[BlackElo "2650"]
[PlyCount "81"]
[EventDate "2025.??.??"]

1. d4 d5 2. c4 e6 3. Nc3 Nf6 4. cxd5 exd5 5. Bg5 c6 6. e3 h6 7. Bh4 Be7 8. Bd3 O-O 9. f3 c5 10. Nge2 Nc6 11. O-O cxd4 12. exd4 Be6 13. Kh1 Re8 14. g4 Ne4 15. Bxe7 Nxc3 16. bxc3 Rxe7 17. Qd2 Na5 18. g5 Nc4 19. Bxc4 dxc4 20. gxh6 g6 21. Qf4 Qf8 22. Ng3 f6 23. Rae1 Rae8 24. Ne4 Bf5 25. Re3 Rd8 26. Rfe1 Rf7 27. Ng3 Bd3 28. Ne4 g5 29. Qg3 Qxh6 30. Nd6 Rfd7 31. Re8+ Rxe8 32. Rxe8+ Kg7 33. Qg4 Rxd6 34. Qc8 Kf7 35. Rh8 Qxh8 36. Qxh8 Ra6 37. Qc8 Rxa2 38. d5 Rd2 39. d6 Rd1+ 40. Kg2 Rd2+ 41. Kg1 1-0

[Event "BL 2425 SV Deggendorf - SC Viernheim"]
[Site "?"]
[Date "2025.02.02"]
[Round "8.4"]
[White "Petrov, Martin"]
[Black "Korobov, Anton"]
[Result "0-1"]
[WhiteElo "2544"]
[BlackElo "2627"]
[PlyCount "80"]
[EventDate "2025.??.??"]

1. e4 c5 2. Nf3 e6 3. d4 cxd4 4. Nxd4 Nc6 5. Nc3 Qc7 6. Be3 a6 7. Qf3 Nf6 8. O-O-O h5 9. Nxc6 bxc6 10. Bf4 e5 11. Bg5 d6 12. Be2 Be7 13. Qd3 Rb8 14. Rhf1 Nd7 15. Bxe7 Kxe7 16. Qg3 Kf8 17. Bc4 Rh6 18. Qg5 Nc5 19. Bb3 Be6 20. Qe3 a5 21. f4 Qb6 22. Kd2 Qb4 23. fxe5 dxe5 24. Ke1 Nxb3 25. axb3 Kg8 26. Rf2 h4 27. Rfd2 h3 28. g3 Rf6 29. Ra1 Bg4 30. Ra4 Qe7 31. Rxa5 Rf3 32. Qa7 Rb7 33. Qc5 Qf6 34. Rf2 Rd7 35. Ra1 Rxf2 36. Qxf2 Qxf2+ 37. Kxf2 Rd2+ 38. Ke3 Rxc2 39. Rf1 Rxh2 40. Rf2 Rh1 0-1

[Event "BL 2425 SV Deggendorf - SC Viernheim"]
[Site "?"]
[Date "2025.02.02"]
[Round "8.5"]
[White "Amin, Bassem"]
[Black "Bogosavljevic, Boban"]
[Result "0-1"]
[WhiteElo "2654"]
[BlackElo "2481"]
[PlyCount "96"]
[EventDate "2025.??.??"]

1. e4 c5 2. Nf3 Nc6 3. Bb5 d6 4. O-O Bd7 5. Re1 Nf6 6. c3 a6 7. Bf1 Bg4 8. h3 Bxf3 9. Qxf3 e6 10. d3 Be7 11. Qg3 O-O 12. Bh6 Ne8 13. Be3 d5 14. exd5 Qxd5 15. Nd2 Nd6 16. c4 Qf5 17. Nb3 b6 18. d4 Qf6 19. dxc5 Nf5 20. Qf3 Nxe3 21. Qxc6 Nc2 22. cxb6 Nxa1 23. b7 Rab8 24. Rxa1 e5 25. Qe4 Qb6 26. c5 Qxb7 27. c6 Qb6 28. Rc1 Bd6 29. Qa4 a5 30. Qxa5 Rfc8 31. Qd5 Qc7 32. Ba6 Re8 33. Qe4 g6 34. Bb7 Kg7 35. Kf1 f5 36. Qd5 e4 37. Qa5 Qe7 38. Qc3+ Be5 39. Qc5 Bd6 40. Qd4+ Be5 41. Qd7 Qxd7 42. cxd7 Red8 43. Bc6 Bxb2 44. Rd1 Rb6 45. Na5 Bf6 46. g3 Ra6 47. Rd5 Rb8 48. Ba4 Rba8 0-1

[Event "BL 2425 SV Deggendorf - SC Viernheim"]
[Site "?"]
[Date "2025.02.02"]
[Round "8.6"]
[White "Delchev, Aleksander"]
[Black "Wagner, Dennis"]
[Result "1/2-1/2"]
[WhiteElo "2465"]
[BlackElo "2614"]
[PlyCount "47"]
[EventDate "2025.??.??"]

1. e4 e5 2. Nf3 Nc6 3. Bc4 Bc5 4. d3 Nf6 5. Nc3 h6 6. h3 a6 7. a4 d6 8. Be3 Bxe3 9. fxe3 Be6 10. b3 O-O 11. O-O a5 12. Qd2 Nb8 13. Bxe6 fxe6 14. d4 Nbd7 15. Rad1 Qe7 16. Qe1 Rf7 17. Qg3 exd4 18. exd4 Nh5 19. Qh4 Qxh4 20. Nxh4 Nf4 21. Rde1 g5 22. Nf3 Raf8 23. Nd2 Nb8 24. Ne2 1/2-1/2

[Event "BL 2425 SV Deggendorf - SC Viernheim"]
[Site "?"]
[Date "2025.02.02"]
[Round "8.7"]
[White "Erdogmus, Yagiz Kaan"]
[Black "Popovic, Dusan"]
[Result "1-0"]
[WhiteElo "2599"]
[BlackElo "2494"]
[PlyCount "66"]
[EventDate "2025.??.??"]

1. e4 d6 2. d4 Nf6 3. Nc3 e5 4. Nf3 Nbd7 5. g4 g6 6. g5 Nh5 7. Be3 Bg7 8. Qd2 O-O 9. Rg1 c6 10. O-O-O Re8 11. h4 Qc7 12. d5 Bf8 13. Nh2 Nb6 14. Be2 Nf4 15. h5 cxd5 16. exd5 Bg7 17. hxg6 fxg6 18. Ng4 Nxe2+ 19. Qxe2 Bf5 20. f3 Qc4 21. Qh2 Na4 22. Nxa4 Qxa4 23. Kb1 Rac8 24. Rg2 e4 25. Nf6+ Kf7 26. Nxe8 Rxe8 27. f4 Rc8 28. Qg1 Bxb2 29. Kxb2 Qb4+ 30. Kc1 Qa3+ 31. Kd2 Qb4+ 32. Ke2 Rxc2+ 33. Bd2 Qb5+ 1-0

[Event "BL 2425 SV Deggendorf - SC Viernheim"]
[Site "?"]
[Date "2025.02.02"]
[Round "8.8"]
[White "Sedlak, Nikola"]
[Black "Meier, Georg"]
[Result "1/2-1/2"]
[WhiteElo "2460"]
[BlackElo "2595"]
[PlyCount "135"]
[EventDate "2025.??.??"]

1. e4 e6 2. Nf3 d5 3. e5 c5 4. b4 cxb4 5. a3 Nc6 6. axb4 Bxb4 7. c3 Be7 8. d4 Bd7 9. Na3 Na5 10. Bd3 a6 11. O-O Qc7 12. Ne1 h5 13. Nb1 Nh6 14. Nf3 Nc4 15. Re1 Rc8 16. Nbd2 Bb5 17. Nf1 Nb6 18. Bxb5+ axb5 19. Bxh6 Rxh6 20. Qb1 Qc6 21. Ra5 Nc4 22. Ra7 Na3 23. Qa2 b4 24. cxb4 Nb5 25. Ra8 Kd7 26. Rxc8 Qxc8 27. Qd2 Rh8 28. Rc1 Qa8 29. Qf4 Qa3 30. h4 Rf8 31. Kh2 Qd3 32. Ng3 g6 33. Re1 Bxb4 34. Re3 Qc4 35. Ne2 Be7 36. Qh6 Qc2 37. Ng5 Bxg5 38. Qxg5 Re8 39. Qf6 Qf5 40. Qg7 Re7 41. Rb3 Nc7 42. Rxb7 Qxf2 43. Qf6 Qxf6 44. exf6 Re8 45. Nf4 Kc6 46. Rb4 e5 47. Nh3 exd4 48. Ng5 Ne6 49. Nxf7 Rf8 50. Ne5+ Kd6 51. Nd3 Rxf6 52. Rb6+ Ke7 53. Rb7+ Kf8 54. Rb6 Kg7 55. Rd6 Nc7 56. Rd7+ Rf7 57. Rd6 Kh7 58. Nb4 Re7 59. Nc6 Re4 60. Rd7+ Kh8 61. Rxc7 d3 62. Rd7 Rxh4+ 63. Kg3 Rc4 64. Ne5 Rd4 65. Nxg6+ Kg8 66. Rxd5 Rg4+ 67. Kf3 Rxg6 68. Rxd3 1/2-1/2

[Event "BL 2425 OSG Baden-Baden - SG Solingen"]
[Site "?"]
[Date "2025.02.02"]
[Round "8.1"]
[White "Ragger, Markus"]
[Black "Firouzja, Alireza"]
[Result "1/2-1/2"]
[WhiteElo "2580"]
[BlackElo "2760"]
[PlyCount "41"]
[EventDate "2025.??.??"]

1. d4 Nf6 2. c4 e6 3. Nf3 d5 4. g3 dxc4 5. Bg2 c5 6. O-O Nc6 7. dxc5 Qxd1 8. Rxd1 Bxc5 9. Nbd2 c3 10. bxc3 O-O 11. Nb3 Be7 12. c4 Bd7 13. Bb2 Rfd8 14. Nfd4 Rac8 15. Nb5 b6 16. Nd6 Rc7 17. Nb5 Rcc8 18. Nd6 Rc7 19. Nb5 Rcc8 20. Nd6 Rc7 21. Nb5 1/2-1/2

[Event "BL 2425 OSG Baden-Baden - SG Solingen"]
[Site "?"]
[Date "2025.02.02"]
[Round "8.2"]
[White "Anand, Viswanathan"]
[Black "Andersen, Mads"]
[Result "1/2-1/2"]
[WhiteElo "2750"]
[BlackElo "2584"]
[PlyCount "90"]
[EventDate "2025.??.??"]

1. e4 e5 2. Nf3 Nc6 3. Bc4 Nf6 4. d3 Bc5 5. c3 a6 6. a4 d6 7. Bg5 h6 8. Bh4 Ba7 9. Nbd2 Qe7 10. O-O g5 11. Bg3 Nd7 12. b4 Nf8 13. Kh1 Ng6 14. Ne1 h5 15. f3 f5 16. exf5 Bxf5 17. b5 Na5 18. bxa6 bxa6 19. Bd5 c6 20. Be4 O-O 21. Nc2 Qe6 22. d4 d5 23. Bxf5 Qxf5 24. dxe5 h4 25. Bf2 Bxf2 26. Rxf2 Nxe5 27. Nd4 Qf6 28. f4 gxf4 29. Qh5 Rae8 30. Re2 Nf7 31. Ne6 Rxe6 32. Qg4+ Ng5 33. Rxe6 Qxe6 34. Qxg5+ Kh7 35. Qxh4+ Qh6 36. Qf2 Re8 37. Qb6 Re2 38. Qxa5 Rxd2 39. Qxa6 Qg7 40. Qf1 Qxc3 41. a5 Rf2 42. Qd1 f3 43. gxf3 Qb2 44. Qb1+ Qxb1+ 45. Rxb1 Rxf3 1/2-1/2

[Event "BL 2425 OSG Baden-Baden - SG Solingen"]
[Site "?"]
[Date "2025.02.02"]
[Round "8.3"]
[White "Van Wely, Loek"]
[Black "Aronian, Levon"]
[Result "0-1"]
[WhiteElo "2612"]
[BlackElo "2745"]
[PlyCount "106"]
[EventDate "2025.??.??"]

1. c4 Nf6 2. Nc3 e6 3. e4 d5 4. e5 d4 5. exf6 dxc3 6. bxc3 Qxf6 7. Nf3 e5 8. Bd3 Bc5 9. O-O Nc6 10. Be4 O-O 11. Re1 h6 12. Qe2 Re8 13. Rb1 Re7 14. d3 b6 15. Be3 Bxe3 16. Qxe3 Bd7 17. Bxc6 Bxc6 18. Nxe5 Rae8 19. d4 Qf5 20. Qd2 f6 21. g4 Qg5 22. Qxg5 hxg5 23. Nd3 Be4 24. Re3 Bg6 25. Rxe7 Rxe7 26. Re1 Rxe1+ 27. Nxe1 Bf7 28. d5 Kf8 29. Nc2 Ke7 30. Ne3 Bg6 31. Kg2 Kd6 32. Kg3 Ke5 33. f3 Bd3 34. Kf2 Kd6 35. Kg3 Kc5 36. a3 a5 37. h4 gxh4+ 38. Kxh4 Bxc4 39. Kh5 Bd3 40. f4 Bh7 41. g5 fxg5 42. Kxg5 Kd6 43. Kh5 b5 44. Kg5 Be4 45. Kh5 a4 46. Kg5 Bxd5 47. Kg6 Be4+ 48. Kxg7 Ke6 49. Kh6 Kf6 50. Kh5 c5 51. Kg4 b4 52. cxb4 cxb4 53. Nc4 Bd5 0-1

[Event "BL 2425 OSG Baden-Baden - SG Solingen"]
[Site "?"]
[Date "2025.02.02"]
[Round "8.4"]
[White "Vachier-Lagrave, Maxime"]
[Black "Krastev, Alexander"]
[Result "1-0"]
[WhiteElo "2729"]
[BlackElo "2434"]
[PlyCount "65"]
[EventDate "2025.??.??"]

1. e4 c5 2. Nf3 e6 3. c3 d5 4. e5 d4 5. d3 Nc6 6. g3 Nge7 7. Bg2 Ng6 8. Qe2 Qc7 9. Na3 Ncxe5 10. Nxe5 Qxe5 11. Be4 f5 12. Nc4 Qf6 13. Bf3 Be7 14. h4 O-O 15. O-O Bd7 16. h5 b5 17. Na5 Ne5 18. Bxa8 Rxa8 19. Bf4 Nf7 20. Qf3 Rf8 21. cxd4 Qxd4 22. Nc6 Qf6 23. Rfe1 Bxc6 24. Qxc6 e5 25. Qxf6 gxf6 26. Be3 Rd8 27. Rac1 Rd5 28. b4 cxb4 29. Rc7 Bd6 30. Rxa7 f4 31. gxf4 exf4 32. Bxf4 Bxf4 33. Ree7 1-0

[Event "BL 2425 OSG Baden-Baden - SG Solingen"]
[Site "?"]
[Date "2025.02.02"]
[Round "8.5"]
[White "Nikolic, Predrag"]
[Black "Rapport, Richard"]
[Result "1/2-1/2"]
[WhiteElo "2538"]
[BlackElo "2718"]
[PlyCount "56"]
[EventDate "2025.??.??"]

1. d4 Nf6 2. c4 c5 3. d5 e6 4. Nc3 exd5 5. cxd5 d6 6. Nf3 g6 7. g3 Bg7 8. Bg2 O-O 9. O-O Re8 10. Nd2 Nbd7 11. a4 b6 12. Nc4 Ne5 13. Nxe5 Rxe5 14. Bf4 Re8 15. Nb5 Ba6 16. Re1 Nh5 17. Bc1 Bc8 18. Na3 f5 19. Qc2 f4 20. Nc4 Rf8 21. Ra3 Rb8 22. e3 fxg3 23. hxg3 Nf6 24. f4 a6 25. e4 Ng4 26. Bf3 Bd4+ 27. Kg2 Qd7 28. Rh1 Nf6 1/2-1/2

[Event "BL 2425 OSG Baden-Baden - SG Solingen"]
[Site "?"]
[Date "2025.02.02"]
[Round "8.6"]
[White "Svidler, Peter"]
[Black "Naumann, Alexander"]
[Result "1-0"]
[WhiteElo "2696"]
[BlackElo "2470"]
[PlyCount "49"]
[EventDate "2025.??.??"]

1. e4 e5 2. Nf3 Nc6 3. Bb5 a6 4. Ba4 Nf6 5. O-O b5 6. Bb3 Bc5 7. c3 d6 8. d4 Bb6 9. h3 Bb7 10. Re1 O-O 11. Bg5 h6 12. Bh4 Re8 13. Qd3 Na5 14. Nbd2 c5 15. Bd5 Rc8 16. Nf1 Bxd5 17. exd5 cxd4 18. cxd4 Nc4 19. Ng3 Nxb2 20. Qf5 Kf8 21. dxe5 dxe5 22. Nxe5 g5 23. Nh5 Rxe5 24. Qxe5 Nd3 25. Qxf6 1-0

[Event "BL 2425 OSG Baden-Baden - SG Solingen"]
[Site "?"]
[Date "2025.02.02"]
[Round "8.7"]
[White "Handke, Florian"]
[Black "Wojtaszek, Radoslaw"]
[Result "1/2-1/2"]
[WhiteElo "2524"]
[BlackElo "2658"]
[PlyCount "42"]
[EventDate "2025.??.??"]

1. e4 e5 2. Nf3 Nc6 3. Bb5 a6 4. Ba4 Nf6 5. d3 b5 6. Bb3 Be7 7. O-O d6 8. a4 Bd7 9. Nc3 Na5 10. Bd5 c6 11. Ba2 b4 12. Ne2 O-O 13. Ng3 Rb8 14. Nh4 Be6 15. Nhf5 b3 16. Bd2 Re8 17. Bxa5 Qxa5 18. Bxb3 Bxb3 19. cxb3 Bf8 20. Rc1 Qb6 21. Rc3 d5 1/2-1/2

[Event "BL 2425 OSG Baden-Baden - SG Solingen"]
[Site "?"]
[Date "2025.02.02"]
[Round "8.8"]
[White "Donchenko, Alexander"]
[Black "Roseneck, Jonas"]
[Result "1-0"]
[WhiteElo "2632"]
[BlackElo "2400"]
[PlyCount "59"]
[EventDate "2025.??.??"]

1. c4 Nf6 2. Nf3 e6 3. b3 d5 4. Bb2 c5 5. cxd5 exd5 6. g3 Be7 7. Bg2 Nc6 8. d4 cxd4 9. O-O O-O 10. Nxd4 Bg4 11. h3 Nxd4 12. Qxd4 Be6 13. Nc3 Qd7 14. Rad1 Rfd8 15. g4 Rac8 16. g5 Ne8 17. Nxd5 Bxg5 18. Qxa7 Qb5 19. Nc3 Qe5 20. Qxb7 Nd6 21. Qf3 Nf5 22. Qe4 Qc5 23. Nd5 Qc2 24. Bc1 Qxe4 25. Bxe4 Bxc1 26. Bxf5 Ba3 27. Bxe6 fxe6 28. Ne3 Bc5 29. Rxd8+ Rxd8 30. Nc4 1-0

[Event "BL 2425 Schachfreunde Deizisau - Düssel"]
[Site "?"]
[Date "2025.02.02"]
[Round "8.1"]
[White "Nepomniachtchi, Ian"]
[Black "Kollars, Dmitrij"]
[Result "1/2-1/2"]
[WhiteElo "2754"]
[BlackElo "2643"]
[PlyCount "168"]
[EventDate "2025.??.??"]

1. e4 e5 2. Nf3 Nc6 3. Bb5 a6 4. Ba4 Nf6 5. O-O b5 6. Bb3 Bc5 7. a4 Rb8 8. c3 d6 9. d4 Bb6 10. axb5 axb5 11. Qd3 O-O 12. Qxb5 Bd7 13. Qd3 exd4 14. cxd4 Nxd4 15. Nxd4 Bxd4 16. Bxf7+ Rxf7 17. Qxd4 c5 18. Qd1 Nxe4 19. f3 Bb5 20. Re1 Nf6 21. Bf4 Ne8 22. Qd2 Qf6 23. Bg5 Qg6 24. Nc3 Bc6 25. Nd5 Bxd5 26. Qxd5 Nc7 27. Qd2 h6 28. Bf4 Qf6 29. Bg3 Rxb2 30. Qxd6 Qxd6 31. Bxd6 Rd7 32. Rad1 Rc2 33. Be5 Re2 34. Rxe2 Rxd1+ 35. Kf2 Ne6 36. Ra2 Rd7 37. Ke3 Nd4 38. Ra6 Kf7 39. g4 Nc2+ 40. Ke4 Nb4 41. Rb6 Nd3 42. Bd6 c4 43. Rc6 Ne1 44. Be5 Nd3 45. Bd6 Ne1 46. Bb4 Nc2 47. Bc3 Ne3 48. h4 Nf1 49. g5 hxg5 50. hxg5 Ng3+ 51. Ke5 Re7+ 52. Kd5 Nf5 53. g6+ Ke8 54. Be5 Kd7 55. Rc5 Nh4 56. Bd6 Re3 57. Rc7+ Ke8 58. Bc5 Rxf3 59. Re7+ Kd8 60. Rxg7 Rf5+ 61. Kxc4 Rf4+ 62. Kd5 Rg4 63. Bb6+ Ke8 64. Rg8+ Kd7 65. g7 Rg5+ 66. Ke4 Nf5 67. Rd8+ Kc6 68. g8=Q Rxg8 69. Rxg8 Nd6+ 70. Kd4 Kxb6 71. Kd5 Nb7 72. Rg7 Na5 73. Rg1 Nb7 74. Rc1 Na5 75. Rc2 Nb7 76. Rc6+ Kb5 77. Rh6 Na5 78. Rh1 Kb4 79. Rc1 Nb3 80. Rc4+ Kb5 81. Rh4 Na5 82. Rh1 Kb4 83. Rb1+ Nb3 84. Rxb3+ Kxb3 1/2-1/2

[Event "BL 2425 Schachfreunde Deizisau - Düssel"]
[Site "?"]
[Date "2025.02.02"]
[Round "8.2"]
[White "Bluebaum, Matthias"]
[Black "So, Wesley"]
[Result "1/2-1/2"]
[WhiteElo "2643"]
[BlackElo "2747"]
[PlyCount "45"]
[EventDate "2025.??.??"]

1. d4 Nf6 2. c4 e6 3. Nc3 Bb4 4. e3 O-O 5. Bd3 c5 6. Nf3 d5 7. cxd5 exd5 8. dxc5 Nbd7 9. Bd2 Nxc5 10. Be2 Ne6 11. Qb3 Ba5 12. O-O d4 13. exd4 Nxd4 14. Nxd4 Qxd4 15. Rad1 Be6 16. Qxb7 Rab8 17. Qa6 Rxb2 18. Qxa5 Rxd2 19. Nb5 Rxa2 20. Qxa2 Qxd1 21. Rxd1 Bxa2 22. Nxa7 g6 23. Nc6 1/2-1/2

[Event "BL 2425 Schachfreunde Deizisau - Düssel"]
[Site "?"]
[Date "2025.02.02"]
[Round "8.3"]
[White "Vidit, Santosh Gujrathi"]
[Black "Dardha, Daniel"]
[Result "1/2-1/2"]
[WhiteElo "2721"]
[BlackElo "2652"]
[PlyCount "45"]
[EventDate "2025.??.??"]

1. d4 Nf6 2. c4 e6 3. Nf3 b6 4. g3 Ba6 5. b3 Bb4+ 6. Bd2 Be7 7. Bg2 c6 8. Bc3 d5 9. Nbd2 O-O 10. Ne5 Bb7 11. O-O Nbd7 12. e4 Nxe5 13. dxe5 Nd7 14. exd5 cxd5 15. cxd5 Bxd5 16. Bxd5 exd5 17. Nf3 Rc8 18. Bb2 Nc5 19. Nd4 Qd7 20. Qe2 Ne6 21. Nf5 g6 22. Nxe7+ Qxe7 23. Rad1 1/2-1/2

[Event "BL 2425 Schachfreunde Deizisau - Düssel"]
[Site "?"]
[Date "2025.02.02"]
[Round "8.4"]
[White "Banusz, Tamas"]
[Black "Sindarov, Javokhir"]
[Result "0-1"]
[WhiteElo "2582"]
[BlackElo "2700"]
[PlyCount "124"]
[EventDate "2025.??.??"]

1. d4 Nf6 2. g3 d5 3. Nf3 Bf5 4. Bg2 h6 5. c4 c6 6. Nc3 e6 7. Qb3 Qb6 8. c5 Qc7 9. Bf4 Qc8 10. a4 Be7 11. a5 O-O 12. O-O Nh5 13. Bd6 Bxd6 14. cxd6 Nf6 15. Ne5 Rd8 16. f3 Rxd6 17. e4 Bh7 18. Nxf7 Kxf7 19. e5 Rd8 20. exf6 gxf6 21. Ne2 Rd6 22. Rae1 Nd7 23. Bh3 Qh8 24. Qb4 Qf8 25. Rf2 Rb8 26. Nf4 e5 27. Bxd7 Rxd7 28. Qxf8+ Rxf8 29. dxe5 fxe5 30. Rxe5 Re8 31. Rxe8 Kxe8 32. Re2+ Kf7 33. Kf2 d4 34. b4 b6 35. axb6 axb6 36. Re1 Bc2 37. Ke2 Ra7 38. Kd2 Ra2 39. Re2 Ba4+ 40. Kc1 Rxe2 41. Nxe2 c5 42. bxc5 bxc5 43. g4 Bc6 44. f4 Bf3 45. Ng3 Bxg4 46. Ne4 Ke6 47. Nxc5+ Kd5 48. Nd3 Ke4 49. Kd2 Bf5 50. Ke2 h5 51. Nc5+ Kxf4 52. Nb3 Ke4 53. Nd2+ Kf4 54. Nb3 Ke5 55. Nd2 Bg4+ 56. Kf2 Kf4 57. Nb3 Ke4 58. Nc5+ Kd5 59. Nd3 Kc4 60. Nf4 Kc3 61. Ke1 Kc2 62. h3 Bd7 0-1

[Event "BL 2425 Schachfreunde Deizisau - Düssel"]
[Site "?"]
[Date "2025.02.02"]
[Round "8.5"]
[White "Esipenko, Andrey"]
[Black "Moussard, Jules"]
[Result "0-1"]
[WhiteElo "2695"]
[BlackElo "2595"]
[PlyCount "78"]
[EventDate "2025.??.??"]

1. d4 Nf6 2. c4 e6 3. Nc3 d5 4. cxd5 exd5 5. Bg5 Be7 6. e3 h6 7. Bh4 Bg4 8. Qc2 O-O 9. Nf3 Nbd7 10. h3 Bxf3 11. gxf3 c5 12. dxc5 Rc8 13. O-O-O Rxc5 14. Kb1 Nb6 15. Qd2 Nfd7 16. Bxe7 Qxe7 17. f4 Rfc8 18. Qd4 Nf8 19. Rg1 Ne6 20. Qb4 Qh4 21. Rg3 d4 22. exd4 Rf5 23. d5 Rxf4 24. Qa3 Nc5 25. Bb5 a6 26. Rdg1 g6 27. Qa5 Qf6 28. Be2 Rxf2 29. Re3 Nxd5 30. Nxd5 Qf5+ 31. Ka1 Qxd5 32. Qc3 Qd8 33. Bc4 Qf6 34. Bd5 Rf1+ 35. Rxf1 Qxf1+ 36. Re1 Qf5 37. Qd4 b6 38. a3 a5 39. Re7 Nb3+ 0-1

[Event "BL 2425 Schachfreunde Deizisau - Düssel"]
[Site "?"]
[Date "2025.02.02"]
[Round "8.6"]
[White "Gupta, Abhijeet"]
[Black "Sadhwani, Raunak"]
[Result "1/2-1/2"]
[WhiteElo "2577"]
[BlackElo "2666"]
[PlyCount "42"]
[EventDate "2025.??.??"]

1. d4 Nf6 2. c4 e6 3. Nc3 Bb4 4. Qc2 d5 5. a3 Bxc3+ 6. Qxc3 O-O 7. Nf3 dxc4 8. Qxc4 b6 9. Bg5 Ba6 10. Qa4 h6 11. Bxf6 Qxf6 12. g3 Bb7 13. Bg2 c5 14. dxc5 Qxb2 15. O-O Bd5 16. Rab1 Qxe2 17. Nd4 Qa6 18. Qxa6 Nxa6 19. Bxd5 exd5 20. cxb6 axb6 21. Rxb6 Nc5 1/2-1/2

[Event "BL 2425 Schachfreunde Deizisau - Düssel"]
[Site "?"]
[Date "2025.02.02"]
[Round "8.7"]
[White "Gustafsson, Jan"]
[Black "Dautov, Rustem"]
[Result "1-0"]
[WhiteElo "2597"]
[BlackElo "2565"]
[PlyCount "93"]
[EventDate "2025.??.??"]

1. c4 e6 2. Nf3 d5 3. d4 a6 4. Bg5 Be7 5. Bxe7 Qxe7 6. Nbd2 Nf6 7. Rc1 O-O 8. e3 c6 9. Bd3 Nbd7 10. Qc2 h6 11. Ne5 Nxe5 12. dxe5 Nd7 13. f4 b6 14. O-O Bb7 15. Qc3 Rac8 16. Bb1 Rfd8 17. Qc2 g6 18. Rf3 c5 19. cxd5 exd5 20. Rg3 Nf8 21. Rf1 Rc7 22. Qd1 d4 23. Nc4 dxe3 24. Qe2 Rd4 25. Nd6 Rxd6 26. exd6 Qxd6 27. f5 Re7 28. fxg6 fxg6 29. Re1 Qf6 30. b3 Qc6 31. Qc4+ Kg7 32. Qc3+ Qf6 33. Qxf6+ Kxf6 34. Rgxe3 Rxe3 35. Rxe3 Bc6 36. Kf2 h5 37. h4 a5 38. a4 Bd5 39. Be4 Be6 40. Bc2 Bf7 41. Be4 Nd7 42. Kg3 Ne5 43. Kf4 Be6 44. Bc2 Ng4 45. Re2 c4 46. Bxg6 cxb3 47. Bxh5 1-0

[Event "BL 2425 Schachfreunde Deizisau - Düssel"]
[Site "?"]
[Date "2025.02.02"]
[Round "8.8"]
[White "Kozul, Zdenko"]
[Black "Bologan, Victor"]
[Result "1/2-1/2"]
[WhiteElo "2500"]
[BlackElo "2603"]
[PlyCount "71"]
[EventDate "2025.??.??"]

1. d4 Nf6 2. c4 e6 3. g3 Bb4+ 4. Bd2 Qe7 5. Bg2 O-O 6. Nf3 Bxd2+ 7. Qxd2 d5 8. O-O dxc4 9. Na3 Rd8 10. Nxc4 c5 11. Nce5 Nbd7 12. e3 cxd4 13. exd4 Nxe5 14. Nxe5 Qd6 15. Rfd1 Nd5 16. Rac1 Bd7 17. Rc5 Be8 18. Rdc1 Ne7 19. Bxb7 Rab8 20. Bc6 f6 21. Bxe8 fxe5 22. Bh5 Qxd4 23. Qxd4 exd4 24. Rc7 Nd5 25. Rxa7 Rxb2 26. Bf7+ Kh8 27. Rd7 Rf8 28. Bxe6 Nc3 29. Re1 Rbxf2 30. Bc4 Rd2 31. Ree7 Rb8 32. Rb7 Rc8 33. Rbc7 Rb8 34. Rb7 Rc8 35. Bf1 Rg8 36. Bc4 1/2-1/2

[Event "BL 2425 FC St. Pauli - Hamburger SK"]
[Site "?"]
[Date "2025.02.02"]
[Round "8.1"]
[White "Svane, Rasmus"]
[Black "Christiansen, Johan-Sebastian"]
[Result "1/2-1/2"]
[WhiteElo "2621"]
[BlackElo "2658"]
[PlyCount "41"]
[EventDate "2025.??.??"]

1. d4 Nf6 2. c4 e6 3. Nf3 Bb4+ 4. Bd2 Be7 5. Nc3 O-O 6. e4 d5 7. e5 Ne4 8. Bd3 Nxd2 9. Qxd2 c5 10. cxd5 cxd4 11. Nb5 exd5 12. Nbxd4 Nc6 13. O-O Qb6 14. Nf5 Bxf5 15. Bxf5 Rad8 16. Bc2 g6 17. Bb3 Rfe8 18. Rad1 Bf8 19. Qf4 Qa5 20. h4 Bg7 21. Rfe1 1/2-1/2